000
00360nam a2200169Ia 4500
003
0STCL
008
150530s9999 xx 000 0 und d
040
_a
STCL
_c
STCL
100
_a
Thomas P T
245
_a
Amparappikkunna Sastram
260
_c
1978
300
_a
0
546
_a
Malayalam
942
_2
ddc
_c
BK
999
_c
17849
_d
17849
005
20220125165816.0